000 02807nam a2200829Ia 4500
003 GCL
008 140319s9999 xx 000 0 ara d
040 _aGCL /
_cGCL
082 0 4 _aم
_b920.7
_bس م
100 1 _aجمال قطب
245 1 0 _aموسوعة اعلام الفكر العربى /
_cجمال قطب
700 1 _aسعيد جودة السحار
250 _aالاولى
260 _aالقاهرة :
_bمكتبة مصر
300 _aمتعدد ؛
_c24سم
650 0 4 _aجمال الدين الافغانى
650 0 4 _aقاسم امين
650 0 4 _aعزيز اباظة
650 0 4 _aعبدالرحمن الكواكبى
650 0 4 _aعلى مبارك
650 0 4 _aرفاعة الطهطاوى
650 0 4 _aمحمد فريد
650 0 4 _aاحمد زكى ابوشادى
650 0 4 _aمصطفى عبدالرازق
650 0 4 _aفدوى طوقان
650 0 4 _aسعد زغلول
650 0 4 _aابراهيم عبدالقادر المازنى
650 0 4 _aعبدالرحمن شكرى
650 0 4 _aمحمد كريم
650 0 4 _aمحمود سامى البارودى
650 0 4 _aمحمد عبده (الامام)
650 0 4 _aامين الخولى
650 0 4 _aجرجى زيدان
650 0 4 _aميخائيل نعيمة
650 0 4 _aابن الهيثم
650 0 4 _aابن بطوطة
650 0 4 _aجابر بن حيان
650 0 4 _aعلى الجارم
650 0 4 _aشكيب ارسلان
650 0 4 _aعبدالله النديم
650 0 4 _aعبدالرحمن الجبرتى
650 0 4 _aمحمد حسنين هيكل
650 0 4 _aاحمد صبرى
650 0 4 _aمحمد المويلحى
650 0 4 _aيوسف كامل
650 0 4 _aعبدالحميد الديب
650 0 4 _aالرجال - تراجم
650 0 4 _aمحمد رشيد رضا
650 0 4 _aمحمود تيمور
650 0 4 _aانطون الجميل
650 0 4 _aمعروف الرصافى
650 0 4 _aمحمد التابعى
650 0 4 _aابن سينا
650 0 4 _aعبدالعزيز جاويش
650 0 4 _aمحمد طلعت حرب
650 0 4 _aاحمد حسن الزيات
650 0 4 _aمحمد عثمان جلال
650 0 4 _aاسماعيل صبرى
650 0 4 _aمحمود عزمى
650 0 4 _aاحمد عبدالمجيد
650 0 4 _aابوحامد الغزالى
650 0 4 _aمحمد فريد وجدى
650 0 4 _aمحمد حسن
650 0 4 _aمحمد فريد ابو حديد
650 0 4 _aمحمد مندور
650 0 4 _aالقلقشندى , احمد بن على
650 0 4 _aعبد العزيز البشرى
650 0 4 _aالادباء العرب - تراجم
650 0 4 _aعبدالوهاب عزام
650 0 4 _aزكريا الحجاوى
942 _2ddc
_cBK
999 _c9632
_d9632